Balanza de pagos de Costa Rica, 1985

שמור ב:
מידע ביבליוגרפי
מחבר תאגידי: Banco Central de Costa Rica
פורמט: Texto
יצא לאור: San José: Departamento de Contabilidad Social, Banco Central de Costa Rica
תגים: הוספת תג
אין תגיות, היה/י הראשונ/ה לתייג את הרשומה!

MARC

LEADER 00000 a a2200000 04500
001 25108
003
040
090 |a 179300  
110 |a Banco Central de Costa Rica  
245 |a Balanza de pagos de Costa Rica, 1985  
260 |a San José:   |b Departamento de Contabilidad Social,   |c Banco Central de Costa Rica  
300 |a 101 p.   |b **no definido**  
999 |c 2337  |d 2337